Statistics for Epic Minigames

Click here to take the quiz!

General Stats

  • This quiz has been taken 51 times
    (4 since last reset)
  • The average score is 63 of 129

Answer Stats

TypeName% Correct
TeamAbove Water
75%
VersusAccurate Archery
75%
SurvivalAvalanche
75%
LuckBalcony Bolt
75%
TeamCastle Clash
75%
TeamDestroy the Statue
75%
VersusFishing Frenzy
75%
VersusGear Battle
75%
LuckHedge Way Out
75%
RacingKooky Karts
75%
ControllerLaser Guidance
75%
LuckMinefield March
75%
VersusOnly One Path
75%
RacingPaint to Perfection
75%
RacingPivot Paintings
75%
SurvivalRevolution Cube
75%
TeamRolling Race
75%
RacingRound Race
75%
RacingRowing Rush
75%
RacingShark Survival
75%
RacingAztec Adventure
50%
TeamBattleship Skirmish
50%
LuckBig Bomb Boom
50%
SurvivalBlack Hole Scramble
50%
VersusBlast Mining
50%
TeamBlock Hunt
50%
VersusBlow Dryer Battle
50%
VersusBomb Ball
50%
VersusBomberblox
50%
ControllerBombs Away
50%
RacingBounce Out
50%
ControllerBowling Bustle
50%
VersusBrickbattle
50%
SurvivalBullet Evasion
50%
LuckCake Delivery
50%
RacingCastle Climb
50%
TeamClear Side
50%
SurvivalCliffside Chaos
50%
TeamCloud Control
50%
SurvivalColossal Assault
50%
LuckCompactor Crash
50%
SurvivalConveyor Conundrum
50%
RacingCrag Clamber
50%
LuckCrumble Island
50%
LuckCrystal Clear
50%
TeamCube Factory
50%
TeamDeforestation Dash
50%
LuckDesert Dehydration
50%
SurvivalDizzying Decisions
50%
TeamDodgeball
50%
RacingDownhill Roll
50%
VersusDrawing the Line
50%
SurvivalElectrical Gridlines
50%
RacingExpedition Sprint
50%
RacingFlee the Facility
50%
TeamFootball Fever
50%
LuckFour Corners
50%
VersusGladiator Grounds
50%
SurvivalHard-Pressed
50%
LuckHaunted Hallways
50%
VersusHen Herding
50%
VersusHex-a-Gone
50%
ControllerHide Hunt
50%
ControllerHigh Pressure
50%
RacingHigh-Rolling
50%
RacingHurdle Hurry
50%
ControllerJuggernaut
50%
SurvivalJust Jump
50%
RacingLane Jumping
50%
SurvivalLaser Cutting
50%
SurvivalLava Forecast
50%
SurvivalLights On
50%
LuckManic Mining
50%
TeamMarble Madness
50%
SurvivalMechanical Mayhem
50%
TeamMower Mania
50%
TeamOrb Collection
50%
ControllerOrbit Snatcher
50%
SurvivalProtect the Statue
50%
ControllerPyre Pit
50%
VersusRampant Rhythms
50%
VersusRing Diver
50%
SurvivalRobot Rampage
50%
VersusRocket Rumble
50%
ControllerRomper Stomper
50%
SurvivalShock Absorbers
50%
SurvivalSkewer Shuffle
50%
RacingSlippery Sledding
50%
ControllerSolo Swordsman
50%
ControllerSpiky Spinner
50%
RacingSpiral Ascent
50%
SurvivalSurvive the Spheres
50%
SurvivalSweeping Singe
50%
TeamTeamwork Trial
50%
SurvivalTeetering Turmoil
50%
SurvivalThe Sweeper
50%
TeamTile Takeover
50%
VersusTrampoline Acrobat
50%
RacingTrial Traversing
50%
LuckTurntable Scurry
50%
SurvivalUndead Aboard
50%
RacingVertical Apprehension
50%
TeamWhack-a-block
50%
VersusBackforth Dash
25%
VersusBackstreet Brawl
25%
VersusBalloon Platoon
25%
RacingBeat Block
25%
SurvivalBooksquash
25%
RacingBullet Bound
25%
TeamCannon Cooldown
25%
RacingColour Run
25%
ControllerDisc of Doom
25%
VersusEagle Observation
25%
TeamFlintlock Fight
25%
TeamFreeze Affray
25%
SurvivalGoing Underground
25%
TeamKing of the Hill
25%
VersusLaser Tag
25%
RacingMissile Command
25%
VersusNudge and Budge
25%
VersusOutbreak
25%
SurvivalPenguin Pushover
25%
SurvivalPipeworks
25%
ControllerPlatform Peril
25%
RacingThe Crusher
25%
SurvivalToxic Reactions
25%
SurvivalTrain Trouble
25%
SurvivalTreacherous Tiles
25%
SurvivalUncertain Ground
25%

Score Distribution

Percentile by Number Answered

Percent of People with Each Score

Your Score History

You have not taken this quiz since the last reset